| 000 | 00536nam a22001937a 4500 | ||
|---|---|---|---|
| 999 |
_c319 _d315 |
||
| 008 | 170612b xxu||||| |||| 00| p tur d | ||
| 020 | _a9758059009 | ||
| 041 | _atur | ||
| 050 | _aPL234.A896 | ||
| 100 |
_aAykın, Bedrettin _9339 |
||
| 245 |
_aYalnızlıklar Şiirler _cDizi Editörü: Hüseyin Alemdar |
||
| 250 | _a1. baskı | ||
| 260 |
_aİstanbul _bHera Şiir Kitaplığı _cTemmuz 1997 |
||
| 300 | _a79 sayfa | ||
| 500 | _aŞiir ; 11 | ||
| 650 | 0 |
_9145 _aTürk Edebiyatı |
|
| 700 |
_9459 _a Alemdar, Hüseyin |
||
| 942 |
_2lcc _cBK |
||